|
|
|
|
| LEADER |
01464nam a2200325 a 4500 |
| 001 |
15679436 |
| 003 |
BD-DhAAL |
| 005 |
20250708125409.0 |
| 008 |
091112s2009 caua b 000 0 eng d |
| 010 |
|
|
|a \\2009013249
|
| 020 |
|
|
|a 9788132101000 (pbk.)
|
| 020 |
|
|
|a 8132101006 (pbk.)
|
| 040 |
|
|
|a DLC
|c DLC
|d BTCTA
|d YDXCP
|d C#P
|d BWX
|d DLC
|d BD-DhAAL
|
| 082 |
0 |
0 |
|a 005.5/5
|2 22
|
| 100 |
1 |
|
|a Gaur, Ajai S.,
|d 1977-
|9 58694
|
| 245 |
1 |
0 |
|a Statistical methods for practice and research :
|b a guide to data analysis using SPSS /
|c Ajai S. Gaur, Sanjaya S. Gaur.
|
| 250 |
|
|
|a Second edition.
|
| 260 |
|
|
|a Los Angeles ;
|a New Delhi :
|b Response,
|c 2009.
|
| 300 |
|
|
|a 169, [1] pages :
|b illustrations ;
|c 25 cm.
|
| 504 |
|
|
|a Includes bibliographical references.
|
| 526 |
|
|
|x BBS Requisitioned by Faculties of BBS
Course name and no : N/A
|
| 541 |
1 |
|
|a Karim International
|e 00019568
|
| 650 |
|
0 |
|a Social sciences
|x Statistical methods
|x Computer programs.
|
| 650 |
|
0 |
|a Social sciences
|x Research
|x Statistical methods.
|9 36813
|
| 650 |
|
0 |
|a Social sciences.
|
| 700 |
1 |
|
|a Gaur, Sanjaya S.,
|d 1969-
|9 58695
|
| 852 |
4 |
|
|a Ayesha Abed Library
|j General shelf
|
| 942 |
|
|
|2 ddc
|c BK
|
| 999 |
|
|
|c 5493
|d 5493
|
| 952 |
|
|
|0 0
|1 0
|2 ddc
|4 0
|6 005_550000000000000_GAU_2009
|7 0
|9 5365
|a BRACUL
|b BRACUL
|c GEN
|d 2009-11-15
|e Karim International
|g 319.00
|l 8
|m 61
|o 005.55 GAU
|p 3010019568
|r 2024-10-27
|s 2024-01-23
|t 1
|v 638.00
|w 2009-11-15
|y BK
|x Requisitioned by Faculties of BBS. Course name and no. "not available".
|